Режим одиночных импульсов генерации CuBr-лазера; Оптика атмосферы и океана; Т. 25, № 12

Bibliografiske detaljer
Parent link:Оптика атмосферы и океана.— , 1988-
Т. 25, № 12.— 2012.— [С. 1107-1111]
Institution som forfatter: Национальный исследовательский Томский политехнический университет (ТПУ) Институт неразрушающего контроля (ИНК) Кафедра промышленной и медицинской электроники (ПМЭ)
Andre forfattere: Губарев Ф. А. Фёдор Александрович, Федоров В. Ф. Валерий Федорович, Федоров К. В. Кирилл Валерьевич, Евтушенко Г. С. Геннадий Сергеевич
Summary:Заглавие с экрана
Реализован низкочастотный режим генерации CuBr-лазера (50 Гц) с использованием сдвоенных импульсов возбуждения: подготовительного (диссоциирующего) и основного. Главным отличием используемой схемы накачки является применение тиристорного генератора для формирования подготовительных импульсов. Исследована зависимость энергии в импульсе генерации от параметров основного и подготовительного импульсов.
Low frequency lasing mode of CuBr laser operation (50 Hz) is made, using double-discharge excitation. Dissociating and main pumping pulses are applied to the active medium. The main feature of the utilized excitation circuit is application of thyristor–based pulser for dissociating pulse forming. Dependences of lasing energy on the dissociative and pumping pulse parameters are studied.
Режим доступа: по договору с организацией-держателем ресурса
Sprog:russisk
Udgivet: 2012
Fag:
Online adgang:https://elibrary.ru/item.asp?id=18323502
Format: MixedMaterials Electronisk Book Chapter
KOHA link:https://koha.lib.tpu.ru/cgi-bin/koha/opac-detail.pl?biblionumber=655047

MARC

LEADER 00000naa0a2200000 4500
001 655047
005 20250314102322.0
035 |a (RuTPU)RU\TPU\network\20840 
035 |a RU\TPU\network\20839 
090 |a 655047 
100 |a 20170619d2012 k||y0rusy50 ca 
101 0 |a rus 
102 |a RU 
135 |a drcn ---uucaa 
181 0 |a i  
182 0 |a b 
200 1 |a Режим одиночных импульсов генерации CuBr-лазера  |d Single-pulse lasing mode of CuBr laser  |f Ф. А. Губарев [и др.] 
203 |a Текст  |c электронный 
300 |a Заглавие с экрана 
320 |a [Библиогр.: 19 назв.] 
330 |a Реализован низкочастотный режим генерации CuBr-лазера (50 Гц) с использованием сдвоенных импульсов возбуждения: подготовительного (диссоциирующего) и основного. Главным отличием используемой схемы накачки является применение тиристорного генератора для формирования подготовительных импульсов. Исследована зависимость энергии в импульсе генерации от параметров основного и подготовительного импульсов. 
330 |a Low frequency lasing mode of CuBr laser operation (50 Hz) is made, using double-discharge excitation. Dissociating and main pumping pulses are applied to the active medium. The main feature of the utilized excitation circuit is application of thyristor–based pulser for dissociating pulse forming. Dependences of lasing energy on the dissociative and pumping pulse parameters are studied. 
333 |a Режим доступа: по договору с организацией-держателем ресурса 
461 |t Оптика атмосферы и океана  |d 1988- 
463 |t Т. 25, № 12  |v [С. 1107-1111]  |d 2012 
510 1 |a Single-pulse lasing mode of CuBr laser  |z eng 
610 1 |a электронный ресурс 
610 1 |a труды учёных ТПУ 
610 1 |a газовые лазеры 
610 1 |a одиночные импульсы 
610 1 |a металлы 
610 1 |a пары 
701 1 |a Губарев  |b Ф. А.  |c специалист в области электроники  |c доцент Томского политехнического университета, кандидат физико-математических наук  |f 1979-  |g Фёдор Александрович  |3 (RuTPU)RU\TPU\pers\25668  |9 11579 
701 1 |a Федоров  |b В. Ф.  |g Валерий Федорович 
701 1 |a Федоров  |b К. В.  |g Кирилл Валерьевич 
701 1 |a Евтушенко  |b Г. С.  |c российский специалист в области электрофизики  |c профессор Томского политехнического университета, доктор технических наук  |f 1947-  |g Геннадий Сергеевич  |3 (RuTPU)RU\TPU\pers\21960  |9 9279 
712 0 2 |a Национальный исследовательский Томский политехнический университет (ТПУ)  |b Институт неразрушающего контроля (ИНК)  |b Кафедра промышленной и медицинской электроники (ПМЭ)  |3 (RuTPU)RU\TPU\col\18719 
801 2 |a RU  |b 63413507  |c 20170619  |g RCR 
856 4 |u https://elibrary.ru/item.asp?id=18323502 
942 |c CF